<?xml version="1.0" encoding="UTF-8"?><?xml-stylesheet type="text/xsl" href="static/style.xsl"?><OAI-PMH xmlns="http://www.openarchives.org/OAI/2.0/" xmlns:xsi="http://www.w3.org/2001/XMLSchema-instance" xsi:schemaLocation="http://www.openarchives.org/OAI/2.0/ http://www.openarchives.org/OAI/2.0/OAI-PMH.xsd"><responseDate>2026-04-13T13:41:07Z</responseDate><request verb="GetRecord" identifier="oai:www.recercat.cat:2072/471839" metadataPrefix="marc">https://recercat.cat/oai/request</request><GetRecord><record><header><identifier>oai:recercat.cat:2072/471839</identifier><datestamp>2025-04-03T10:00:13Z</datestamp><setSpec>com_2072_98</setSpec><setSpec>col_2072_378192</setSpec></header><metadata><record xmlns="http://www.loc.gov/MARC21/slim" xmlns:dcterms="http://purl.org/dc/terms/" xmlns:xsi="http://www.w3.org/2001/XMLSchema-instance" xmlns:doc="http://www.lyncode.com/xoai" xsi:schemaLocation="http://www.loc.gov/MARC21/slim http://www.loc.gov/standards/marcxml/schema/MARC21slim.xsd">
   <leader>00925njm 22002777a 4500</leader>
   <datafield ind2=" " ind1=" " tag="042">
      <subfield code="a">dc</subfield>
   </datafield>
   <datafield ind2=" " ind1=" " tag="720">
      <subfield code="a">Flores, Roberto</subfield>
      <subfield code="e">author</subfield>
   </datafield>
   <datafield ind2=" " ind1=" " tag="720">
      <subfield code="a">Gómez Ambriz, Emmanuel</subfield>
      <subfield code="e">author</subfield>
   </datafield>
   <datafield ind2=" " ind1=" " tag="260">
      <subfield code="c">2023</subfield>
   </datafield>
   <datafield ind2=" " ind1=" " tag="520">
      <subfield code="a">Los restos materiales del pasado son campo de estudio de los arqueólogos. Al estudiarlos, el arqueólogo hace labor de semiotista, pues interroga al resto material como huella e imagen del pasado. La arqueosemiótica estudia los indicios arqueológicos de dos maneras: para encontrar su sentido pasado y para asignarle un sentido presente como objeto de conocimiento. Los artefactos son como textos que ofrecen en su constitución los elementos para reconocer significaciones de muy diverso tipo: utilitarios, emblemáticos, simbólicos, identitarios, etcétera. Se constituyen, así, archivos arqueológicos que guardan la memoria de pueblos desaparecidos. Este artículo explora la constitución de ceramotecas como resultado de una serie de transformaciones semióticas que hacen de sus acervos objetos de conocimiento y de preservación.</subfield>
   </datafield>
   <datafield ind2=" " ind1=" " tag="520">
      <subfield code="a">The material remains of the past are the field of study of archaeologists. When studying them, the archaeologist works as a semioticist, since he interrogates the material evidence as a trace and image of the past. Archeosemiotics studies archaeological evidence in two ways: to find its past meaning and to assign it a present meaning as an object of knowledge. The artifacts are like texts that offer in their constitution the elements to recognize meanings of a very diverse type: utilitarian, emblematic, symbolic, identity, etc. Thus, archaeological archives are established, that keep the memory of past cultures. The article explores ceramic repositories as a result of a series of semiotic transformations that make their collections objects of knowledge and preservation.</subfield>
   </datafield>
   <datafield tag="653" ind2=" " ind1=" ">
      <subfield code="a">Arqueología</subfield>
   </datafield>
   <datafield tag="653" ind2=" " ind1=" ">
      <subfield code="a">Ceramoteca</subfield>
   </datafield>
   <datafield tag="653" ind2=" " ind1=" ">
      <subfield code="a">Memoria</subfield>
   </datafield>
   <datafield tag="653" ind2=" " ind1=" ">
      <subfield code="a">Transformaciones cognoscitivas</subfield>
   </datafield>
   <datafield tag="653" ind2=" " ind1=" ">
      <subfield code="a">Documento del pasado</subfield>
   </datafield>
   <datafield tag="653" ind2=" " ind1=" ">
      <subfield code="a">Archaeology</subfield>
   </datafield>
   <datafield tag="653" ind2=" " ind1=" ">
      <subfield code="a">Ceramics repository</subfield>
   </datafield>
   <datafield tag="653" ind2=" " ind1=" ">
      <subfield code="a">Memory</subfield>
   </datafield>
   <datafield tag="653" ind2=" " ind1=" ">
      <subfield code="a">Cognitive</subfield>
   </datafield>
   <datafield tag="653" ind2=" " ind1=" ">
      <subfield code="a">Transformations</subfield>
   </datafield>
   <datafield tag="653" ind2=" " ind1=" ">
      <subfield code="a">Document from the past</subfield>
   </datafield>
   <datafield ind2="0" ind1="0" tag="245">
      <subfield code="a">La cerámica arqueológica : conocimiento y archivo</subfield>
   </datafield>
</record></metadata></record></GetRecord></OAI-PMH>